Égloga de Plácida y Victoriano, precedida de otras tres églogas introductorias / (Record no. 59347)

MARC details
000 -LEADER
campo de control de longitud fija 00843nam a2200229 i 4500
001 - NÚMERO DE CONTROL
campo de control 59347
003 - IDENTIFICADOR DE NÚMERO DE CONTROL
campo de control ES-MaACL
005 - FECHA Y HORA DE LA ÚLTIMA TRANSACCIÓN
campo de control 20250302063058.0
007 - CAMPO FIJO DE DESCRIPCIÓN FÍSICA--INFORMACIÓN GENERAL
campo de control de longitud fija t|
008 - DATOS DE LONGITUD FIJA--INFORMACIÓN GENERAL
campo de control de longitud fija 031028s1960 sp ||||1| spa d
100 1# - ENTRADA PRINCIPAL--NOMBRE DE PERSONA
Nombre de persona Encina, Juan del,
Fechas asociadas al nombre 1469-1529
9 (RLIN) 47173
Término indicativo de función/relación Autor
245 10 - MENCIÓN DEL TÍTULO
Título Égloga de Plácida y Victoriano, precedida de otras tres églogas introductorias /
Mención de responsabilidad, etc. Juan de la Encina ; edición, estudio y notas por Ernesto Giménez Caballero.
250 ## - MENCION DE EDICION
Mención de edición 4ª ed., ilustrada.
260 ## - PUBLICACIÓN, DISTRIBUCIÓN, ETC.
Lugar de publicación, distribución, etc. Zaragoza :
Nombre del editor, distribuidor, etc. Ebro,
Fecha de publicación, distribución, etc. 1960.
300 ## - DESCRIPCIÓN FÍSICA
Extensión 127 p. :
Otras características físicas il. ;
Dimensiones 18 cm.
490 1# - MENCIÓN DE SERIE
Mención de serie Biblioteca clásica Ebro ;
Designación de volumen o secuencia 19. Teatro ;
-- 6
700 1# - ENTRADA AGREGADA--NOMBRE PERSONAL
Nombre de persona Giménez Caballero, Ernesto,
Fechas asociadas al nombre 1899-1988
9 (RLIN) 57038
Término indicativo de función/relación Editor literario
830 1# - PUNTO DE ACCESO ADICIONAL DE SERIE-TÍTULO UNIFORME
Título uniforme Biblioteca clásica Ebro ;
Designación de volumen o secuencia 19. Teatro ;
-- 6
9 (RLIN) 182675
852 ## - LOCALIZACIÓN
Ubicación ES-MaACL
Número de control de estantería E-2445
942 ## - ELEMENTOS DE ENTRADA SECUNDARIOS (KOHA)
Fuente del sistema de clasificación o colocación Clasificación decimal universal
Holdings
Estatus retirado Estado de pérdida Estado de daño No para préstamo Biblioteca de origen Biblioteca actual Ubicación en estantería Fecha de adquisición Fuente de adquisición Total de préstamos Signatura topográfica completa Código de barras Visto por última vez Precio de reemplazo Tipo de ítem Koha
        Biblioteca del Ateneo de Madrid Biblioteca del Ateneo de Madrid Depósito 2 17/01/2008     E-2445 1062250 23/02/2023 23/02/2023 Libro impreso